| 000 | 01047nam a2200241 4500 | ||
|---|---|---|---|
| 003 | EC-UNACH | ||
| 006 | s||||gr|||| 00| 00 | ||
| 008 | 150116t9999 mx r gr 000 0 spa d | ||
| 040 |
_aEC-UNACH _cEC-UNACH |
||
| 041 | _aspa | ||
| 082 | 0 | 4 |
_223 _a900 _bL018198 |
| 110 | _aBiblioteca Ecuatoriana Aurelio Espinosa Pólit | ||
| 245 | _aEncuesta Anual de Comercio Interno. Quito, 1967 - 1996 | ||
| 264 |
_aQuito - Ecuador _bBEAEP _c2016 |
||
| 300 |
_a- _bCD |
||
| 505 | _a"Información Histórica, área: Desarrollo Económico y Político de Ecuador, dentro de la perspectiva Histórica del Siglo XX. Compilación y archivos: Biblioteca Ecuatoriana Aurelio Espinosa Pólit. Fuente: Períódico/ artículos de prensa. Anales, Revista del archivo histórico, Registro oficial, según corresponda." | ||
| 650 | _aHISTORIA DEL ECUADOR, SIGLO XX | ||
| 650 | _aECONOMÍA / POLÍTICA ECUATORIANA | ||
| 942 |
_2ddc _c7 |
||
| 999 | _c13670 | ||